00796nam a22002417a 45000010005000000030006000050050017000110080041000280200018000690400029000870500015001160820010001311000017001412450056001582600054002143000048002685050008003165200127003245210029004515210020004806500023005007000031005235560FISKH20241217155810.0241217b cb ||||| |||| 00| 0 eng d a9780806944685 aFISKHbengcFISKHdFISKH aGV1216.L48 a796.2 aLevine, Shar aAwesome Yo-Yo tricks /cby Shar Levine & Bob Bowden aNew York : bSterling Publishing Co, Inc ;c2000. a96 pages : bcolor illustrations ;c24 cm.  aS  aPresents the history of the yo-yo and describes the basic techniques involve in simple, intermediate, and advanced tricks.8 a790 bLexile estimate 8 aS bRaz-Plus  ayo-yovNon-fiction aBowden, Bob eillustrator